| 000 | 00389nam a22001697a 4500 | ||
|---|---|---|---|
| 003 | MACL | ||
| 005 | 20160116175032.0 | ||
| 008 | 160116b xxu||||| |||| 00| 0 eng d | ||
| 040 | _cMACL | ||
| 041 | _aEnglish | ||
| 082 | _a823/ROY | ||
| 100 |
_aRoy Prafulla _911531 |
||
| 245 | _aBlack Waters Jail | ||
| 260 |
_aKolkata _bBee Books _c2012 |
||
| 650 |
_aFiction _933067 |
||
| 942 |
_2ddc _cBK |
||
| 999 |
_c52749 _d52749 |
||